| 000 | 00479nam a22001817a 4500 | ||
|---|---|---|---|
| 005 | 20250529164720.0 | ||
| 008 | 250419b |||||||| |||| 00| 0 eng d | ||
| 020 | _a9789360809652 | ||
| 040 | _cSDCL | ||
| 041 |
_2eng _aeng |
||
| 084 | _aV2'N R4 | ||
| 100 |
_aBauer, Rolf _9752469 |
||
| 245 | _aPeasant production of opium in nineteenth-century India | ||
| 260 |
_aNew Delhi : _bManohar, _c2024. |
||
| 300 | _axlll,220p. | ||
| 650 | _aEconomic History | ||
| 942 |
_2CC _cTEXL |
||
| 999 |
_c1309194 _d1309194 |
||